Teória a prax vybraných druhov finančných rizík kreditné, trhové, operačné

Saved in:
Bibliographic Details
Main Author: Sivák, Rudolf, 1955-
Other Authors: Gertler, Ľubomíra, 1977-
Format: Book
Language:Slovak
Published: Bratislava Sprint vfra 2006
Subjects:
Tags: Add Tag
No Tags, Be the first to tag this record!

MARC

LEADER 00000nam$a2200000$$$4500
001 0053048
005 20240502071619.0
020 |a 80-89085-56-3 
041 0 |a slo 
044 |a SK 
245 1 0 |a Teória a prax vybraných druhov finančných rizík  |b kreditné, trhové, operačné  |c Rudolf Sivák, Ľubomíra Gertler 
264 1 |a Bratislava  |b Sprint vfra  |c 2006 
300 |a 248 s. 
610 2 0 |a riziko finančné 
610 2 0 |a teória a prax 
610 2 0 |a riziko trhové 
610 2 0 |a riziko úverové 
610 2 0 |a riziko operačné 
610 2 0 |a modely 
610 2 0 |a meranie 
610 2 0 |a riadenie rizík 
100 1 |a Sivák, Rudolf, 1955- 
700 1 |a Gertler, Ľubomíra, 1977-